000 00283nam a22001337a 4500
008 170731b xxu||||| |||| 00| 0 eng d
020 _a9780071765695
041 _aeng
080 _a004
100 _a32
101 _aSHK
245 _aIBM COGNOS TM1
_cOEHLER,K
942 _2udc
_cBK
999 _c22284
_d22284